Normal view
MARC view
- Los Angeles County (Calif.)
Entry Geographic Name
001 - CONTROL NUMBER
- control field: 146777
003 - CONTROL NUMBER IDENTIFIER
- control field: KE-NaSUL
005 - DATE AND TIME OF LATEST TRANSACTION
- control field: 20250825195445.0
008 - FIXED-LENGTH DATA ELEMENTS
- fixed length control field: 250825|| aca||aabn | a|a d
040 ## - CATALOGING SOURCE
- Original cataloging agency: KE-NaSUL
- Transcribing agency: KE-NaSUL
151 ## - HEADING--GEOGRAPHIC NAME
- Geographic name: Los Angeles County (Calif.)
- General subdivision: Politics and government
670 ## - SOURCE DATA FOUND
- Source citation: Work cat.: (KE-NaSUL)103825: Glassman, Alan M. 146774, Thinking strategically in turbulent times, c2005.